00337nam a22001217a 4500003000900000005001700009008004100026040002200067100001800089245005800107260003100165300001900196DO-SdBNP20180215130335.0180215b xxu||||| |||| 00| 0 spa d aBPMSUbengcBPMSU aRyan, Monique aSports nutrition for endurance athletescMonique Ryan aColoradobVelo Pressc2007 a357 p. c24 cm